| 000 | 00415nam a22001697a 4500 | ||
|---|---|---|---|
| 005 | 20160513152046.0 | ||
| 008 | 160513b xxu||||| |||| 00| 0 eng d | ||
| 020 | _a81-203-2303-3 | ||
| 041 | _aeng | ||
| 082 | _b2123 | ||
| 100 |
_aADIL H. Muhammed _9601 |
||
| 245 | _aQuantitavie Methods for Business and Economics | ||
| 260 |
_aNew Delhi _bPHI, _c2003 |
||
| 300 | _a372 | ||
| 650 |
_aManagement _9241 |
||
| 942 | _cBK | ||
| 999 |
_c775 _d775 |
||